|
|
|
|
| LEADER |
00000nam a2200000 i 4500 |
| 001 |
DIGCUMD0259 |
| 003 |
NyNyDIG |
| 006 |
m o d |
| 007 |
cr ||||||||||| |
| 008 |
240401s2018 ck a ob 000 0 spa d |
| 035 |
|
|
|a (OCoLC)1430188964
|
| 040 |
|
|
|a DGITA
|b eng
|e rda
|e pn
|c DGITA
|
| 020 |
|
|
|a 9789587633191
|q eBook
|
| 043 |
|
|
|a s-ck---
|
| 050 |
1 |
4 |
|a LA568 ebook
|
| 245 |
0 |
0 |
|a Pertinencia académica e impacto social de la Corporación Universitaria Minuto de Dios en el Centro Regional San José de Cúcuta durante el período 2013-2016 /
|c autores, Aníbal Alviz Meza [and 18 others].
|
| 250 |
|
|
|a Primera edición.
|
| 264 |
|
1 |
|a Bogotá D.C., Colombia :
|b Corporación Universitaria Minuto de Dios - UNIMINUTO,
|c 2018.
|
| 300 |
|
|
|a 1 online resource :
|b illustrations.
|
| 336 |
|
|
|a text
|b txt
|2 rdacontent
|
| 337 |
|
|
|a computer
|b c
|2 rdamedia
|
| 338 |
|
|
|a online resource
|b cr
|2 rdacarrier
|
| 347 |
|
|
|a text file
|2 rdaft
|
| 347 |
|
|
|b PDF
|
| 504 |
|
|
|a Includes bibliographical references.
|
| 588 |
0 |
|
|a Online resource; title from PDF title page (Digitalia, viewed April 1, 2024)
|
| 610 |
2 |
0 |
|a UNIMINUTO (University)
|
| 650 |
|
0 |
|a Universities and colleges
|z Colombia.
|
| 650 |
|
0 |
|a Professional education
|z Colombia.
|
| 700 |
1 |
|
|a Alviz Meza, Aníbal,
|e author.
|
| 791 |
2 |
|
|a Digitalia (Firm),
|e distributor.
|
| 793 |
0 |
|
|g Digitalia eBook Collection:
|a Corporación Universitaria Minuto de Dios
|
| 856 |
4 |
0 |
|3 Digitalia Hispánica
|u https://www.digitaliapublishing.com/a/131803/
|
| 910 |
|
|
|a Premium collection: 2024
|